| 000 | 00640nam a22001937a 4500 | ||
|---|---|---|---|
| 999 |
_c180590 _d180590 |
||
| 005 | 20210812113407.0 | ||
| 010 | _aENG-129837 | ||
| 020 |
_c995.00 _a978-0-19-948673-1 |
||
| 035 | _aEN-113369 | ||
| 037 | _bDBAD/PUB | ||
| 082 | _a909.08 | ||
| 100 | _aChakrabarty, Dipesh | ||
| 245 |
_aThe Crises of Civilization: _bExploring Global and Planetary Histories/ _cDipesh Chakrabarty |
||
| 250 | _a2018 | ||
| 260 |
_bOxford University press _c2018 _aNew Delhi |
||
| 270 |
_a2/11 Ground floor,Ansari Road,Daryaganj _bNew Delhi _e110002 |
||
| 300 |
_a287 p. _c22cm (hbk) _bBibiliography, Index |
||
| 942 |
_2ddc _cEN _h909.08 _kCHA |
||